00330nam a2200133Ia 4500008004100000041000800041082001400049100001700063245004200080260003300122300002400155365001100179440000600190240624s9999 xx 000 0 und d aeng a338.5 AGA aAGARWALA S K aMICROECONOMIC THEORY AND APPLICATIONS c2008aNew DelhibExcel Books a162 : p. : cm. ; 24 cRSb35 v2